Contemporary criminal hygiene, (Record no. 90808)

MARC details
000 -LEADER
fixed length control field 00969cam a22002891 4500
001 - CONTROL NUMBER
control field sg 46000214
003 - CONTROL NUMBER IDENTIFIER
control field DLC
005 - DATE AND TIME OF LATEST TRANSACTION
control field 20260227112750.0
008 - FIXED-LENGTH DATA ELEMENTS--GENERAL INFORMATION
fixed length control field 750829s1946 xx 000 0 eng
010 ## - LIBRARY OF CONGRESS CONTROL NUMBER
LC control number sg 46000214
035 ## - SYSTEM CONTROL NUMBER
System control number (OCoLC)1581674
040 ## - CATALOGING SOURCE
Original cataloging agency DLC
Transcribing agency FM
Modifying agency OCoLC
-- DLC
042 ## - AUTHENTICATION CODE
Authentication code premarc
050 00 - LIBRARY OF CONGRESS CALL NUMBER
Classification number HV6080
Item number .S36
082 ## - DEWEY DECIMAL CLASSIFICATION NUMBER
Classification number 364
100 1# - MAIN ENTRY--PERSONAL NAME
Personal name Seliger, Robert V.
Fuller form of name (Robert Victor),
Dates associated with a name 1900-
Relator term ed.
245 10 - TITLE STATEMENT
Title Contemporary criminal hygiene,
Statement of responsibility, etc. a source book edited by Robert V. Seliger, M. D., Edwin J. Lukas, L.L. B. [and] Robert M. Lindner, PH.D.
260 ## - PUBLICATION, DISTRIBUTION, ETC.
Place of publication, distribution, etc. [Baltimore]
Name of publisher, distributor, etc. Oakridge press,
Date of publication, distribution, etc. 1946.
300 ## - PHYSICAL DESCRIPTION
Extent 240 p.
Other physical details 22 cm.
500 ## - GENERAL NOTE
General note "First printing, May, 1946."
500 ## - GENERAL NOTE
General note References at end of some of the chapters.
650 #0 - SUBJECT ADDED ENTRY--TOPICAL TERM
Topical term or geographic name entry element Crime and criminals.
650 #0 - SUBJECT ADDED ENTRY--TOPICAL TERM
Topical term or geographic name entry element Criminal psychology.
700 1# - ADDED ENTRY--PERSONAL NAME
Personal name Lukas, Edwin J.,
Relator term joint ed.
700 1# - ADDED ENTRY--PERSONAL NAME
Personal name Lindner, Robert Mitchell,
Dates associated with a name 1914-1956,
Relator term joint ed.
740 0# - ADDED ENTRY--UNCONTROLLED RELATED/ANALYTICAL TITLE
Uncontrolled related/analytical title Criminal hygiene.

No items available.

Powered by Koha